000 00794cam a2200205 4500
001 J1236
008 090401t1992 xxu||||| |||| 00| 0 eng d
035 _a(Sirsi) u42434
041 _aeng
110 _aEurope
_bEuropean Communities Commission
_9698
245 _aCommission Regulation (EEC) No. 3567/92 of 10 December 1992 laying down detailed rules for the application of the individual limits, national reserves and transfer of rights provided for in Articles 5a to 5c of Council Regulation (EEC) No. 3013/89 on the common organization of the market in sheepmeat and goatmeat.
260 _c1992
300 _a(6)p. ; 30cm.
350 _a0
490 _aRegulation (EEC)
_v3567/92
650 _aEC REGULATIONS
690 _aEUROPE-SINGLE MARKET
942 _n0
948 _c04/03/1997
999 _c91115
_d91115